[Event "Akron Cardinal op"]
[Site "Akron"]
[Date "2023.02.04"]
[Round "2"]
[White "Miller, John A"]
[Black "Tripathi, Amogh"]
[Result "1/2-1/2"]
[WhiteElo "1855"]
[BlackElo "1934"]
[PlyCount "151"]
[EventDate "2023.02.03"]
[EventType "swiss"]
[EventRounds "5"]
[EventCountry "USA"]
[SourceTitle "CBM 212 Extra"]
[Source "ChessBase"]
[SourceDate "2023.03.31"]
[SourceVersion "1"]
[SourceVersionDate "2023.03.31"]
[SourceQuality "1"]

1. d4 Nf6 2. Nf3 d5 3. c4 c6 4. Nc3 a6 5. e3 Bf5 6. Qb3 b5 7. cxd5 cxd5 8. Nh4 e6 9. Nxf5 exf5 10. Bd3 g6 11. 0-0 Be7 12. Bd2 0-0 13. Ne2 Nc6 14. Rfc1 Na5 15. Qc2 Nc4 16. b3 Nxd2 17. Qxd2 Bd6 18. Rc6 Qd7 19. Rac1 Rfd8 20. Qa5 Qa7 21. g3 Rd7 22. a4 Ne4 23. f3 Ng5 24. Kg2 Kg7 25. R1c2 Ne6 26. axb5 axb5 27. Qxa7 Raxa7 28. Bxb5 Rdb7 29. Ba4 Bb4 30. Nc1 Re7 31. Nd3 Ba5 32. Kf2 g5 33. Rd6 f4 34. Rxd5 fxe3+ 35. Ke2 h5 36. Nc5 f6 37. Ne4 Bb6 38. Nd6 Kh7 39. Kd3 Nc7 40. Rf5 e2 41. Rxe2 Rxe2 42. Kxe2 Bxd4 43. g4 hxg4 44. fxg4 Ne6 45. Kd3 Be5 46. Ne4 Kg7 47. Rf2 Ra5 48. Kc4 Ra8 49. Bd7 Nf4 50. Bf5 Ra7 51. b4 Rc7+ 52. Nc5 Kf8 53. Ra2 Ke8 54. Ra8+ Kf7 55. Rh8 Ng2 56. Kb5 Ne3 57. Ne6 Rc3 58. Rh7+ Kg8 59. Rg7+ Kh8 60. Bg6 Nxg4 61. Rd7 Rc8 62. h3 Ne3 63. Nd8 Rb8+ 64. Ka4 Bf4 65. Nf7+ Kg7 66. Bh5 Nc2 67. b5 Ne3 68. Bf3 Kf8 69. Nh6 Nc4 70. Rf7+ Ke8 71. Bc6+ Kd8 72. Rh7 Ne5 73. Ka5 Nc4+ 74. Ka6 Nd6 75. Ka7 Nxb5+ 76. Ka6 1/2-1/2